| 000 | 00370nam a22001337a 4500 | ||
|---|---|---|---|
| 020 | _a139780070262171 | ||
| 082 |
_222 _a536.7 |
||
| 100 | _aCengel, Yunus A and Boles, Michael A. | ||
| 245 | _aThermodynamics ''Engineering approach'' / | ||
| 250 | _a6 th. | ||
| 260 |
_aNew Delhi, _bTata McGrew Hill, _cc2008. |
||
| 300 |
_axxv,943 p. ; _bill. ; _c24 cm. |
||
| 942 |
_2ddc _cBK |
||
| 999 |
_c1108 _d1108 |
||